Arbustos de jardín

Gardado en:
Detalles Bibliográficos
Formato: Libro
Idioma:Lingua castelá
Publicado: Barcelona Gustavo Gili 1973
Edición:1a. ed
Series:Manuales de Jardineria
Subjects:
Tags: Engadir etiqueta
Sen Etiquetas, Sexa o primeiro en etiquetar este rexistro!

MARC

LEADER 00000cam a2200000 a 4500
001 UCE4895
003 CL-VaPUC
008 141113e19730000sp |||||||||||||||||spa|d
082 0 4 |a 634.97  |b ARB  |2 21 
245 1 0 |a Arbustos de jardín 
250 |a 1a. ed 
300 |a 31 p 
942 |c BK 
945 |d 20141113 14:00:00  |a arojas 
260 |a Barcelona  |b Gustavo Gili  |c 1973 
650 0 |a Arbustos   |9 264190 
650 0 |a Árboles  |9 264746 
650 0 |a Jardines botánicos   |9 269597 
583 |a last modification  |c 20141113 14:00:00  |k Rodrigo Vera 
490 0 |a Manuales de Jardineria 
999 |c 357751  |d 357749 
952 |0 0  |1 0  |3 erb  |4 0  |6 634_970000000000000_ARB_1973  |7 0  |8 X  |9 465803  |a FDOBUD  |b FDOBUD  |i 5107369  |o 634.97 ARB 1973  |p 5107369  |r 2019-11-23  |w 2019-11-23  |y BK_X  |z Catalogado en:20141113  |k BUD